Sports Quiz

Random Sports or Celebrity Quiz

Tour de France Winners Quiz Stats

 Plays Quiz Updated Sep 17, 2019

Score 0/73 Timer 08:00
26 Plays Today
Year Winner % Correct
1999Stripped
99.4%
2000Stripped
99.3%
2001Stripped
99.3%
2002Stripped
99.3%
2003Stripped
99.3%
2004Stripped
99.3%
2005Stripped
99.3%
2013Chris Froome
71.7%
2018Geraint Thomas
71.1%
2015Chris Froome
70.8%
2016Chris Froome
70.6%
2017Chris Froome
70.2%
2019Egan Bernal
69.8%
2012Bradley Wiggins
67.6%
2007Alberto Contador
67.5%
1991Miguel Indurain
63.2%
1992Miguel Indurain
63.2%
1993Miguel Indurain
63.2%
1994Miguel Indurain
63.2%
1995Miguel Indurain
63.2%
1986Greg LeMond
62.6%
1989Greg LeMond
62.6%
1990Greg LeMond
62.6%
2009Alberto Contador
61.9%
1969Eddy Merckx
61.6%
1970Eddy Merckx
61.6%
1971Eddy Merckx
61.6%
1972Eddy Merckx
61.6%
1974Eddy Merckx
61.6%
2014Vincenzo Nibali
58.6%
1978Bernard Hinault
55%
1979Bernard Hinault
55%
1981Bernard Hinault
55%
1982Bernard Hinault
55%
1985Bernard Hinault
55%
1997Jan Ullrich
54.8%
1998Marco Pantani
54.3%
Year Winner % Correct
1996Bjarne Riis
49.9%
2010Andy Schleck
47.5%
2008Carlos Sastre
47.5%
1987Stephen Roche
45.3%
1957Jacques Anquetil
42.3%
1961Jacques Anquetil
42.3%
1962Jacques Anquetil
42.3%
1963Jacques Anquetil
42.3%
1964Jacques Anquetil
42.3%
2011Cadel Evans
41.5%
1983Laurent Fignon
41.1%
1984Laurent Fignon
41.1%
2006Óscar Pereiro
39.5%
1949Fausto Coppi
38.7%
1952Fausto Coppi
38.7%
1980Joop Zoetemelk
32%
1988Pedro Delgado
31.7%
1953Louison Bobet
26.1%
1954Louison Bobet
26%
1955Louison Bobet
26%
1975Bernard Thevenet
25.9%
1977Bernard Thevenet
25.9%
1948Gino Bartali
25.5%
1958Charly Gaul
25%
1976Lucien van Impe
24.5%
1973Luis Ocaña
23.9%
1968Jan Janssen
23.7%
1959Federico Bahamontes
23.6%
1950Ferdinand Kubler
18.9%
1951Hugo Koblet
18.5%
1965Felice Gimondi
18.1%
1947Jean Robic
15.3%
1967Roger Pingeon
14.1%
1956Roger Walkowiak
13.8%
1966Lucien Aimar
13%
1960Gastone Nencini
12.9%

You're not logged in!

Compare scores with friends on all Sporcle quizzes.
OR
Log In

Sporcle TV

Today on Sporcle TV


Watch our educational content, quiz creation guides, and fun videos on Sporcle TV.

Show Comments

Extras

Top Quizzes Today


Score Distribution

Your Account Isn't Verified!

In order to create a playlist on Sporcle, you need to verify the email address you used during registration. Go to your Sporcle Settings to finish the process.

Report this User

Report this user for behavior that violates our Community Guidelines.

Details: